000 00348nam a22001337a 4500
008 170619b xxu||||| |||| 00| 0 eng d
020 _a9780534631864
041 _aeng
080 _24 ED
_a32
100 _a20
101 _aSHP
245 _aTHE UNITED NATIONS INTERNATIONAL ORGANIZATION AND WORLD POLITICS
_cRIGGS.R.E
942 _2udc
_cBK
999 _c18038
_d18038